| 000 | 01191cam a22003617a 4500 | ||
|---|---|---|---|
| 003 | CHAP | ||
| 005 | 20220329140814.0 | ||
| 008 | 971013s1973 r 00010 d | ||
| 010 | _a57913 | ||
| 011 | _a58885 | ||
| 035 | _a63041 | ||
| 040 | _cCHAP | ||
| 082 |
_a575.1 _bS83Y |
||
| 100 | 0 | 0 |
_aStern, Curt. _9109692 |
| 245 | 1 | 3 |
_aEl origen de la genética _b: un libro fontal de Mendel |
| 260 |
_aMadrid : _bAlhambra, _c1973 |
||
| 300 | _a187 p. | ||
| 490 | 0 |
_aExedra _v; 85 |
|
| 590 |
_aBATCH-UPD _b10 _c20130110 _lUCH01 _h0535 |
||
| 590 |
_aBATCH-UPD _b10 _c20130110 _lUCH01 _h2238 |
||
| 590 |
_aBATCH-UPD _b10 _c20130410 _lUCH01 _h0215 |
||
| 590 |
_aBATCH-UPD _b10 _c20130914 _lUCH01 _h1535 |
||
| 590 |
_aCONVERSION _b10 _c20130109 _lUCH01 _h1331 |
||
| 650 | 1 | 4 |
_aGenética. _947469 |
| 650 | 1 | 4 |
_aMendel, Ley de. _974563 |
| 700 | 0 |
_aSherwood, E. R. _9105664 |
|
| 830 | 0 |
_aExedra _v; 85 _939042 |
|
| 901 | _aBK | ||
| 942 | _cLIBRO | ||
| 949 |
_a575.1 S83Y _bBC _cLIBRO _d33724000400917 _eLIBRO _h46791 _i63041 _si |
||
| 949 |
_a575.1 S83Y _bBC _cLIBRO _d33724000400925 _eLIBRO _fc.2 _gI.126356 _h46792 _i63041 _si |
||
| 949 |
_a575.1 S83Y _bBC _cLIBRO _d33724000864443 _eLIBRO _fc.3 _gI.126355 _h65836 _i63041 _si |
||
| 999 |
_c57913 _d57913 |
||